000 00624cam a2200145 4500500
005 20260208010541.0
041 _afre
042 _adc
100 1 0 _aAdam, Michel
_eauthor
245 0 0 _aMuhammad Ibn Zakariyyâ al-Razi (Rhazès), La médecine spirituelle, introd., trad. notes et bibliogr. de Rémi Brague, Paris, Flammarion, 2003, « GF », 206 p., 7 E.
260 _c2005.
500 _a41
786 0 _nRevue philosophique de la France et de l'étranger | 130 | 1 | 2005-03-01 | p. 77zu-130zu | 0035-3833
856 4 1 _uhttps://shs.cairn.info/revue-philosophique-2005-1-page-77zu?lang=fr&redirect-ssocas=7080
999 _c1657086
_d1657086